Potreby mladých podnikateľov a prekážky v ich podnikaní

Salvato in:
Dettagli Bibliografici
Autore principale: Jakubec, Vladimír
Altri autori: Sobeková Majková, Monika, Solík, Ján, Šúbertová, Elena, Ondrušová, Lucia, 1981-
Natura: Libro
Lingua:slovacco
Pubblicazione: Bratislava Združenie mladých podnikateľov Slovenska 2012
Soggetti:
Tags: Aggiungi Tag
Nessun Tag, puoi essere il primo ad aggiungerne!!

MARC

LEADER 00000nam a2200000 4500
001 0164021
005 20240718085826.2
020 |a 978-80-970916-4-4 
041 0 |a slo 
044 |a SK 
245 1 0 |a Potreby mladých podnikateľov a prekážky v ich podnikaní  |c Vladimír Jakubec, Monika Sobeková Majková, Ján Solík 
264 1 |a Bratislava  |b Združenie mladých podnikateľov Slovenska  |c 2012 
300 |a 86 s. [2,83 AH] 
610 2 0 |a podnikanie 
610 2 0 |a podnikatelia 
610 2 0 |a prostredie podnikateľské 
610 2 0 |a financovanie podnikov 
610 2 0 |a formy podnikov 
100 1 |a Jakubec, Vladimír 
700 1 |a Sobeková Majková, Monika 
700 1 |a Solík, Ján 
700 1 |a Šúbertová, Elena 
700 1 |a Ondrušová, Lucia, 1981-